| 000 | 01096cab a2200217 4500 | ||
|---|---|---|---|
| 001 | ABS58791 | ||
| 008 | 090401t1998 xxu||||| |||| 00| 0 eng d | ||
| 035 | _a(Sirsi) u86372 | ||
| 041 | _aeng | ||
| 245 | _aDi Luca v Juraise (Springs) Ltd and others | ||
| 260 | _c1998 | ||
| 350 | _a0 | ||
| 490 |
_aEstates Gazette _v[1998] 18 EG 131-133(3) |
||
| 520 | _aCA 6 October 1997. D was granted options to purchase half-shares in two pieces of freehold by the defendants (J). The options were exercisable upon the grant of planning permission for industrial units, and would be null and void if not exercised within six years of such permission being granted. Planning permission was granted on 19 December 1994, and options sent by D on 17 February 1995 (received 20 February 1995). Appeal against earlier decision that time was of the essence of the options agreement dismissed. | ||
| 650 | _aDI LUCA V JURAISE (SPRINGS) LTD AND OTHERS | ||
| 650 | _aOPTION TO PURCHASE | ||
| 650 | _aTIME OF THE ESSENCE | ||
| 690 | _aPROPERTY LAW AND PRACTICE-CASE LAW | ||
| 942 | _n0 | ||
| 948 | _c22/05/1998 | ||
| 999 |
_c54360 _d54360 |
||